Storia della Russia dalle origini ai nostri giorni / (Record n. 108577)
[ formato base ]
| 000 -LEADER | |
|---|---|
| fixed length control field | 01034nam a2200325 i 4500 |
| 001 - CONTROL NUMBER | |
| control field | 000000129546 |
| 003 - CONTROL NUMBER IDENTIFIER | |
| control field | IT-RoPau |
| 005 - DATE AND TIME OF LATEST TRANSACTION | |
| control field | 20220918181311.0 |
| 008 - FIXED-LENGTH DATA ELEMENTS--GENERAL INFORMATION | |
| fixed length control field | 090113s2008 it aj b u000 u ita c |
| 020 ## - INTERNATIONAL STANDARD BOOK NUMBER | |
| International Standard Book Number | 9788845249433 |
| 035 ## - SYSTEM CONTROL NUMBER | |
| System control number | (IT-RoPUS)129546 |
| 040 ## - CATALOGING SOURCE | |
| Original cataloging agency | IT-RoPUS |
| Language of cataloging | ita |
| Transcribing agency | IT-RoPau |
| 041 1# - LANGUAGE CODE | |
| Language code of text/sound track or separate title | ita |
| Language code of original | eng |
| 082 0# - DEWEY DECIMAL CLASSIFICATION NUMBER | |
| Classification number | 947 |
| Edition number | 21 |
| 100 1# - MAIN ENTRY--PERSONAL NAME | |
| Personal name | Riasanovsky, Nicholas Valentine. |
| 9 (RLIN) | 66757 |
| 240 10 - UNIFORM TITLE | |
| Uniform title | History of Russia. |
| Language of a work | Italiano. |
| 245 10 - TITLE STATEMENT | |
| Title | Storia della Russia dalle origini ai nostri giorni / |
| Statement of responsibility, etc. | Nicholas V. Riasanovsky. |
| 250 ## - EDITION STATEMENT | |
| Edition statement | Nuova ed. (12ʹ) aggiornata / |
| Remainder of edition statement | a cura di Sergio Romano. |
| 260 ## - PUBLICATION, DISTRIBUTION, ETC. (IMPRINT) | |
| Place of publication, distribution, etc. | Milano : |
| Name of publisher, distributor, etc. | Bompiani, |
| Date of publication, distribution, etc. | 2008. |
| 300 ## - PHYSICAL DESCRIPTION | |
| Extent | 730 p. : |
| Other physical details | ill., tav. geneal. ; |
| Dimensions | 22 cm |
| 490 1# - SERIES STATEMENT | |
| Series statement | Storia paperback |
| 490 1# - SERIES STATEMENT | |
| Series statement | Tascabili Bompiani |
| 500 ## - GENERAL NOTE | |
| General note | Trad. di Francesco Saba Sardi. |
| 504 ## - BIBLIOGRAPHY, ETC. NOTE | |
| Bibliography, etc | Bibliogr.: p. 643-664. |
| 700 1# - ADDED ENTRY--PERSONAL NAME | |
| Personal name | Romano, Sergio. |
| 9 (RLIN) | 68140 |
| 830 #0 - SERIES ADDED ENTRY--UNIFORM TITLE | |
| Uniform title | Storia paperback (Bompiani) |
| 9 (RLIN) | 36041 |
| 830 #0 - SERIES ADDED ENTRY--UNIFORM TITLE | |
| Uniform title | Tascabili Bompiani. |
| 9 (RLIN) | 36042 |
| 942 ## - ADDED ENTRY ELEMENTS (KOHA) | |
| Institution code [OBSOLETE] | BKS |
| Koha item type | LIBRO |
| Withdrawn status | Lost status | Source of classification or shelving scheme | Damaged status | Not for loan | Home library | Current library | Date acquired | Total Checkouts | Full call number | Barcode | Date last seen | Price effective from | Koha item type |
|---|---|---|---|---|---|---|---|---|---|---|---|---|---|
| Dewey Decimal Classification | Buone Condizioni | Not For Loan | PAULUS-BIBLIOTECA | PAULUS-BIBLIOTECA | 02/10/2015 | 947 | 9788845249433 | 02/10/2015 | 02/10/2015 | LIBRO |